Sanat: "Rahan takii" - Antti Tuisku - Statistics

Yleistilastot
  • Tätä visaa on pelattu 95 kertaa
  • Keskiarvotulos 237 / 375
Vastaustilastot
Hint Vastaus % Oikein
rahan
94%
takii
92%
90%
me
90%
mennään
86%
Verse 1 | Verse 2 Taas
86%
taas
86%
tää
84%
et
83%
on
83%
mun
81%
pakko
79%
elämä
78%
fyrkkaa
78%
saisin
78%
twerkkaa
78%
julmaa
75%
Chorus Oi
75%
oi
75%
että
74%
korkojen
74%
korot
74%
maksaa
74%
vellit
71%
kiva
69%
Bridge | Intro | Outro | Post-chorus Tosi
69%
tosi
69%
ja
65%
puurot
64%
vaan
64%
ei
62%
velat
61%
verot
60%
vuokra
58%
mätkyt
57%
puhelin
57%
lajiin
56%
rakkaudest
56%
ku
53%
lellit
53%
sähkö
53%
netti
52%
pimmeetä
51%
kello
48%
tellit
48%
pyöritän
47%
peppuu
45%
pimeetä
44%
seittemän
44%
hot
43%
nelkytviis
43%
melkein
38%
Pre-chorus Suomes
38%
lähtee
36%
niin
36%
sohjosii
36%
töistä
36%
ulkona
36%
kadut
35%
kanssa
35%
saatava
35%
peuhattaisiin
34%
töihin
34%
hotellihuoneessa
32%
lapsille
32%
märkii
32%
beibeni
31%
oikeesti
30%
pääsisin
30%
lomalle
29%
valintatalo
29%
iso
27%
joten
26%
kii
26%
nyt
25%
sillä
25%
keskellä
23%
kaikessa
22%
liian
22%
paljon
22%
ylös
22%
duuniin
21%
hintalappunen
21%
ite
21%
tanssii
21%
gore-texii
19%
loskan
19%
kavereidenkin
16%
Koitapa
16%
koitapa
16%
skumpat
16%
manii
14%
relattaisiin
13%
kädessä
12%
mojitot
12%
sydämen
12%
kaverin
10%
halust
9%
jossakin
9%
kaukana
9%
krapulalimpat
9%
biitsillä
8%
joogat
8%
jospa
8%
olis
8%
täältä
8%
jumpat
6%
pumpit
6%
taksit
6%
kebabit
5%
zumbat
4%
Ehtoja vastaavia visoja ei löytynyt
Tulosjakauma
Jokaisen tuloksen saaneiden osuus
Persentiili vastausten määrän mukaan
Tuloshistoriasi
Et ole pelannut tätä visaa